| 000 | 01067cam a2200301 4500 | ||
|---|---|---|---|
| 001 | WS118925 | ||
| 008 | 020719n 000 0 eng u | ||
| 035 | _a(Sirsi) u118925 | ||
| 110 |
_aOffice of Telcommunications _94287 |
||
| 245 | _aOffice of Telcommunications (Oftel) | ||
| 520 | _aWeb site for this organisation which acts as the regulator for the UK telecommunications industry. Includes details of numbering, licensing, network issues, broadcasting, consumer advice and publications. Also links to a glossary of terms and the Telecoms Code. | ||
| 650 | _aGOVERNMENT | ||
| 650 | _aOFTEL | ||
| 650 | _aNUMBERING | ||
| 650 | _aLICENSING | ||
| 650 | _aBROADCASTING | ||
| 650 | _aEU DIRECTIVES | ||
| 650 | _aCONSUMER ADVICE | ||
| 650 | _aGLOSSARY | ||
| 650 | _aBROADBAND | ||
| 650 | _aINTERNET ACCESS | ||
| 650 | _aMOBILE PHONES | ||
| 650 | _aTELECOMS CODE | ||
| 650 | _aTELECOMMUNICATIONS | ||
| 690 | _aTRANSPORT AND COMMUNICATIONS | ||
| 856 | 4 | 0 |
_http://www.oftel.gov.uk _zView the website free of charge at www.oftel.gov.uk... |
| 942 | _n0 | ||
| 999 |
_c120109 _d120109 |
||